| Tag |
First Indicator |
Second Indicator |
Subfields |
| LEADER |
00000cam a22000008a 4500 |
| 001 |
in00004457537 |
| 005 |
20191202121243.0 |
| 008 |
851105s1986 enka b 00110 eng d |
| 010 |
|
|
|a 85027733
|
| 020 |
|
|
|a 0850663164
|
| 035 |
|
|
|a (OCoLC)12909466
|
| 035 |
|
|
|9 AAB1221MS
|
| 035 |
|
|
|z (UtOrBLW)4341
|
| 035 |
|
|
|a 6565
|
| 039 |
0 |
|
|a 2
|b 3
|c 3
|d 3
|e 3
|
| 040 |
|
|
|a DNLM/DLC
|c DLC
|d TMV
|d UtOrBLW
|
| 049 |
|
|
|a TMVM
|c 1
|
| 050 |
0 |
0 |
|a RA1199
|b .G57 1985
|
| 059 |
|
|
|l MS/BOOK STKS
|v 5
|y 1
|z 1
|t BOOK
|k CIRCULATING
|i 3238900245845
|n NL
|a QZ 4
|b G544p 1986
|
| 060 |
|
0 |
|a QZ 4
|b G544p 1986
|
| 100 |
1 |
|
|a Glaister, John R.
|
| 245 |
1 |
0 |
|a Principles of toxicological pathology /
|c John R. Glaister.
|
| 264 |
|
1 |
|a London ;
|a Philadelphia :
|b Taylor & Francis,
|c 1986.
|
| 300 |
|
|
|a vi, 223 pages :
|b illustrations ;
|c 23 cm.
|
| 336 |
|
|
|a text
|2 rdacontent
|b txt
|
| 337 |
|
|
|a unmediated
|2 rdamedia
|
| 338 |
|
|
|a volume
|2 rdacarrier
|b nc
|
| 504 |
|
|
|a Includes bibliographies and index.
|
| 650 |
|
2 |
|a Pathology.
|
| 650 |
|
2 |
|a Poisons.
|
| 940 |
|
|
|a copy plain
|
| 999 |
|
|
|a MARS
|
| 999 |
f |
f |
|s 55d3b543-ec74-3480-91ba-0467af626f1a
|i 0e2c3c6a-90e6-372b-b403-235829914b08
|t 0
|
| 952 |
f |
f |
|p ric
|a Texas A&M University
|b Rellis Campus
|c Joint Library Facility
|d Remote Storage
|t 0
|e QZ 4 G544p 1986
|h National Library of Medicine classification
|i unmediated -- volume
|m 3238900245845
|
| 998 |
f |
f |
|a QZ 4 G544p 1986
|t 0
|l Remote Storage
|